Famous Americans by Picture - Statistics

General Stats
  • This quiz has been taken 501 times
    52 since last reset
  • The average score is 12 of 16
Answer Stats
Picture Hint Answer % Correct
1926–1962 Marilyn Monroe
98%
1955–2011 Steve Jobs
91%
1882–1945 Franklin D. Roosevelt
89%
1915–1998 Frank Sinatra
87%
1975– Tiger Woods
87%
1963– Michael Jordan
83%
1925–1965 Malcolm X
81%
1895–1948 Babe Ruth
79%
1930– Clint Eastwood
77%
1964– Jeff Bezos
74%
1946– Steven Spielberg
74%
1847–1931 Thomas Edison
66%
1899–1961 Ernest Hemingway
64%
1939–1984 Marvin Gaye
53%
1968– Tony Hawk
51%
1863–1947 Henry Ford
32%
No matching quizzes found
Score Distribution
Percent of People with Each Score
Percentile by Number Answered
Your Score History
You have not taken this quiz since the last reset